A Native Orientalist: Ibn Warraq on the Quran / (Record no. 528066)
[ view plain ]
| 000 -LEADER | |
|---|---|
| fixed length control field | 00427nam a22001577a 4500 |
| 003 - CONTROL NUMBER IDENTIFIER | |
| control field | NUST |
| 005 - DATE AND TIME OF LATEST TRANSACTION | |
| control field | 20190827102607.0 |
| 038 ## - RECORD CONTENT LICENSOR | |
| Staff Name | Faiza |
| 082 ## - DEWEY DECIMAL CLASSIFICATION NUMBER | |
| Classification number | 297.18 |
| Author Mark | WAR |
| 100 ## - MAIN ENTRY--PERSONAL NAME | |
| Personal name | Warraich, M. Nasir Mahmood |
| 9 (RLIN) | 19600 |
| 245 ## - TITLE STATEMENT | |
| Title | A Native Orientalist: Ibn Warraq on the Quran / |
| Statement of responsibility, etc. | M. Nasir Mahmood Warraich |
| 260 ## - PUBLICATION, DISTRIBUTION, ETC. | |
| Place of publication, distribution, etc. | Sargodha, |
| Name of publisher, distributor, etc. | University of Sargodha: |
| Date of publication, distribution, etc. | 2016. |
| 300 ## - PHYSICAL DESCRIPTION | |
| Extent | 190p. ; |
| 500 ## - GENERAL NOTE | |
| General note | Hard Cover |
| 942 ## - ADDED ENTRY ELEMENTS (KOHA) | |
| Source of classification or shelving scheme | |
| Koha item type | Book |
| Withdrawn status | Lost status | Source of classification or shelving scheme | Damaged status | Not for loan | Permanent Location | Current Location | Shelving location | Date acquired | Total Checkouts | Full call number | Barcode | Date last seen | Date last checked out | Price effective from | Koha item type |
|---|---|---|---|---|---|---|---|---|---|---|---|---|---|---|---|
| Central Library (CL) | Central Library (CL) | First Floor - Islam | 08/27/2019 | 1 | 297.18 WAR | CL-D-476 | 09/13/2022 | 08/25/2022 | 08/27/2019 | Book | |||||
| Central Library (CL) | Central Library (CL) | First Floor - Islam | 08/27/2019 | 297.18 WAR | CL-D-477 | 08/27/2019 | 08/27/2019 | Book |
